Startupland how three guys risked everything to turn an idea into a global business
Salvato in:
| Autore principale: | |
|---|---|
| Altri autori: | |
| Natura: | Libro |
| Lingua: | inglese |
| Pubblicazione: |
San Francisco
Jossey-Bass /A Wiley Brand
2015
|
| Soggetti: | |
| Tags: |
Nessun Tag, puoi essere il primo ad aggiungerne!!
|
MARC
| LEADER | 00000nam a2200000 4500 | ||
|---|---|---|---|
| 001 | 0205315 | ||
| 005 | 20230109073157.5 | ||
| 020 | |a 978-1-118-98081-1 (hardcover) | ||
| 041 | 0 | |a eng | |
| 044 | |a US | ||
| 245 | 1 | 0 | |a Startupland |b how three guys risked everything to turn an idea into a global business |c Mikkel Svane, Carlye Adler |
| 264 | 1 | |a San Francisco |b Jossey-Bass /A Wiley Brand |c 2015 | |
| 300 | |a 200 s. | ||
| 610 | 2 | 0 | |a podnikanie |
| 610 | 2 | 0 | |a podnik |
| 610 | 2 | 0 | |a založenie podniku |
| 610 | 2 | 0 | |a vývoj podniku |
| 610 | 2 | 0 | |a riziko podnikateľské |
| 610 | 2 | 0 | |a stratégia podnikateľská |
| 610 | 2 | 0 | |a stratégia podniková |
| 610 | 2 | 0 | |a riadenie podnikové |
| 100 | 1 | |a Svane, Mikkel | |
| 700 | 1 | |a Adler, Carlye | |